KOTLJAREVS'KIJ - korifej ukrains'koi literaturi

Podrobná bibliografia
Hlavný autor: Šabliovs'kij, Jevgen (Autor)
Médium: Článok
Jazyk:ukrajinčina

MARC

LEADER 00000nab a2200000ua 4500
001 vtls010808361
003 SK-MaSNL
005 20260303225700.0
008 230218s1969 xo |||||||||||||||||ukr|
035 |a (urnnbn)urn:nbn:sk:snk:ar-00438m 
035 |a (uuid)57c66e6e-736d-425c-8390-2afcf3c9fd39 
035 |a urn:nbn:sk:snk-ab42lj 
040 |a SNKBUCL  |b slo  |c SNKBUCL  |e AACR2 
041 0 |a ukr 
044 |a xo  |c SK 
100 1 |a Šabliovs'kij, Jevgen  |4 aut  |9 1262921 
245 1 0 |a KOTLJAREVS'KIJ - korifej ukrains'koi literaturi  |c Jevgen Šabliovs'kij 
773 0 |t Duklja : literaturno-chudožnij ta hromads'ko-polityčnyj al'manach  |g Roč. 17, č. 5 (1969), s. 50-54 
958 |a OND 
958 |a EUIPO 
958 |a article3 
999 |c 2257936  |d 2259866